Ako si trinástka odpálila medailové pódium biatlonistka Anastasia Kuzminová útočila do poslednej streľby na prvé priečky, Jan Gereková splnila olympijskú normu

Bibliographic Details
Main Author: Lehoťan, Ivor, 1966- (Author)
Format: Article
Language:Slovak
PhysicalDescription:Fotogr.
ISSN:0139-7001
Subjects:

MARC

LEADER 00000nab a2200000 ar4500
001 vtls010032162
003 SK-MaSNL
005 20260304173415.0
008 091215c20091203xo dr|n|||||||000 b|slo
015 |a SNBRBL2010/01  |2 snkbucl 
038 |a SNKBUCL 
040 |a SNKBUCL  |b slo  |c SNKBUCL  |e AACR2 
041 0 |a slo 
044 |a xo  |c SK 
080 |a 796.928.093.1  |x (100)  |2 2001 
100 1 |a Lehoťan, Ivor,  |d 1966-  |4 aut  |9 105454 
245 1 0 |a Ako si trinástka odpálila medailové pódium  |b biatlonistka Anastasia Kuzminová útočila do poslednej streľby na prvé priečky, Jan Gereková splnila olympijskú normu  |c Ivor Lehoťan 
300 |b Fotogr. 
648 7 |a sezóna 2009/2010  |2 snkbucl  |9 1034617 
650 0 7 |a lyžovanie  |2 snkbucl  |9 3256 
650 0 7 |a biatlon  |2 snkbucl  |9 13519 
650 0 7 |a Svetový pohár  |2 snkbucl  |9 842306 
650 0 7 |a 1. kolo  |2 snkbucl  |9 872967 
651 7 |a Östersund (Švédsko)  |2 snkbucl  |9 70019 
773 0 |t Šport  |g Roč. 63, č. 279 (3.12.2009), s. 30  |x 0139-7001 
852 |a SNK  |b KIS3GCP 
999 |c 3003120  |d 3005050